Macro economics analysis (Record no. 9659)

MARC details
000 -LEADER
fixed length control field 00502cam a2200205ua 4500
001 - CONTROL NUMBER
control field 10698
005 - DATE AND TIME OF LATEST TRANSACTION
control field 20260515114642.0
008 - FIXED-LENGTH DATA ELEMENTS--GENERAL INFORMATION
fixed length control field 190327n ii |||gr||||Z||||||eng
020 ## - INTERNATIONAL STANDARD BOOK NUMBER
International Standard Book Number 9789382956808
040 ## - CATALOGING SOURCE
Transcribing agency MAIN
082 ## - DEWEY DECIMAL CLASSIFICATION NUMBER
Classification number 339
100 ## - MAIN ENTRY--PERSONAL NAME
Personal name K C Rana,
Relator term Author.
245 ## - TITLE STATEMENT
Title Macro economics analysis
250 ## - EDITION STATEMENT
Edition statement 11th ed.
260 ## - PUBLICATION, DISTRIBUTION, ETC.
Place of publication, distribution, etc. Jalandhar:
Name of publisher, distributor, etc. Vishal publishing,
Date of publication, distribution, etc. 2016.
300 ## - PHYSICAL DESCRIPTION
Extent 717p.
653 ## - INDEX TERM--UNCONTROLLED
Uncontrolled term Macroeconomics & related topics
700 ## - ADDED ENTRY--PERSONAL NAME
Personal name K N Verma,
Relator term Author.
942 ## - ADDED ENTRY ELEMENTS (KOHA)
Koha item type Books
Holdings
Withdrawn status Lost status Damaged status Not for loan Home library Current library Shelving location Date acquired Total checkouts Full call number Barcode Date last seen Date last checked out Copy number Price effective from Koha item type
        Naharkatiya College Library Naharkatiya College Library General stacks 09/19/2020 3 339oRAN 25436 04/24/2023 04/19/2023 1 09/19/2020 Books